Cargando...
Managerial options in India
| Outros autores: | |
|---|---|
| Formato: | Printed Book |
| Idioma: | English |
| Publicado: |
Bombay
Allied publishers
1976
|
| Subjects: |
| LEADER | 00510nam a22001577a 4500 | ||
|---|---|---|---|
| 005 | 20151215125627.0 | ||
| 008 | 100113t xxu||||| |||| 00| 0 eng d | ||
| 082 | |a 658.3 |b NAN | ||
| 100 | |a Manish, Namndy |e Editor |9 15400 | ||
| 245 | |a Managerial options in India | ||
| 300 | |a 117p. | ||
| 653 | |a Managerial changes | ||
| 942 | |c BB |6 _ | ||
| 260 | |c 1976 |a Bombay |b Allied publishers | ||
| 999 | |c 107899 |d 107899 | ||
| 952 | |0 0 |1 0 |2 ddc |4 0 |6 6583_NAN |7 0 |9 135539 |a SMS |b SMS |c GEN |d 2010-01-13 |o 658.3 NAN |p SMS013982 |r 2010-01-13 |w 2010-01-13 |y BK | ||